[Event "FIDE-Wch k.o."]
[Site "Tripoli"]
[Date "2004.06.24"]
[Round "3.4"]
[White "Bacrot, Etienne"]
[Black "Radjabov, Teimour"]
[Result "0-1"]
[WhiteElo "2675"]
[BlackElo "2670"]
[Annotator "Avrukh,B"]
[PlyCount "82"]
[EventDate "2004.06.19"]
[EventType "k.o."]
[EventRounds "7"]
[EventCountry "LBY"]
[SourceTitle "CBM 102"]
[Source "ChessBase"]
[SourceDate "2004.09.23"]
[SourceVersion "1"]
[SourceVersionDate "2004.09.23"]
[SourceQuality "1"]

1. d4 Nf6 2. c4 g6 3. Nc3 Bg7 4. e4 d6 5. Nf3 O-O 6. Be2 e5 7. O-O Nc6 8. d5
Ne7 9. b4 Nh5 {in my opinion the most critical reply.} 10. Re1 f5 11. Ng5 Nf6
12. Bf3 ({Another interesting alternative is} 12. f3) 12... c6 13. Qb3 h6 14.
Ne6 Bxe6 15. dxe6 Qc8 {[%csl Ge6]} 16. Rd1 ({The practice shows, that white
cannot play} 16. c5 $2 fxe4 17. cxd6 (17. Nxe4 Nxe4 18. Bxe4 d5 $17) 17... exf3
18. dxe7 Re8 19. Bb2 Rxe7 20. Rxe5 Qc7 21. Ree1 fxg2 {[%csl Rh2][%cal Gf6g4]}
22. h3 Rf8 23. Re3 Nh5 24. Rae1 Qf4 25. Nd1 Bxb2 26. Qxb2 Qf6 $17 {0-1
Pelletier,Y-Inarkiev,E/Istanbul 2003/CBM 96/[Tsesarsky] (38)}) 16... Rd8 17. b5
({Even now} 17. c5 $2 {doesn't work in view of} fxe4 18. cxd6 exf3 19. dxe7
Rxd1+ 20. Qxd1 Qxe6 21. Qd8+ Kh7 22. gxf3 (22. Qxa8 Qg4 $19 {[%csl Rg1,Rg2]})
22... Qg8 $1 23. Qc7 Qc4 $17 {0-1 Kallio,H-Kotronias,V/Batumi 2002/CBM 90 (39)}
) 17... Qxe6 18. bxc6 $146 ({In their previous encounter Bacrot has tried} 18.
Ba3 Kh8 19. bxc6 Nxc6 20. exf5 gxf5 21. Bd5 (21. Qxb7 Nd4 $44) 21... Qe7 22.
Nb5 Ne8 23. Rab1 $14 {1-0 Bacrot,E-Radjabov,T/Bled 2002/EXT 2003 (45) there is
no doubt, that Radjabov was intending to improve his play.}) 18... Nxc6 ({After
} 18... bxc6 19. Ba3 Rab8 20. Qa4 $44 {White has a typical compensation for
this line.}) 19. exf5 Qxf5 (19... gxf5 $2 20. Bd5 Nxd5 21. cxd5 $18 {[%csl Gc6,
Ge6]}) 20. Qxb7 (20. c5+ $143 Kh8 21. cxd6 Nd4 22. Qxb7 Rab8 23. Qxa7 Nxf3+ 24.
gxf3 e4 $1 $40) 20... Nd4 (20... e4 $143 $6 21. Nxe4 Nxe4 22. Qxc6 Bxa1 23.
Bxe4 Rac8 24. Qb7 $16) 21. Bd5+ Kh7 22. Be3 Rab8 ({After} 22... Nc2 23. Rac1
Nxe3 24. fxe3 Ng4 25. Ne4 Nxe3 26. Re1 Nxd5 27. Qxd5 $44 {[%csl Gg7] White has
a clear compensation due to the bad placed bishop on g7.}) 23. Qxa7 Rb2 $44 24.
Kh1 $5 (24. h3 {[%csl Gg4]} Rc2 $1) 24... Ng4 $6 {Looks very attractive, but
in fact Black loses control over important e4-square.} (24... Nc2 $142 $1 25.
Rac1 $1 (25. Rab1 $2 Rxb1 26. Rxb1 Qd3 $1) 25... Nxe3 (25... Nxd5 26. Nxd5 Nxe3
27. fxe3 $16 {[%csl Gd5]}) 26. fxe3 e4 (26... Qg5 {[%csl Gg2]} 27. Bf3 Ng4 28.
Ne4 Qxe3 29. Qxe3 Nxe3 30. Rxd6 $14 {[%csl Gc4]}) 27. Rb1 Rf2 $44 {and Black
has sufficient compensation for the pawn.}) 25. Ne4 Rf8 $2 (25... Nc2 $142 26.
Rac1 (26. Rab1 Rxb1 27. Rxb1 Ncxe3 28. Rb7 Rd7 $1 29. Rxd7 Nxf2+ 30. Nxf2 Qb1+)
26... Ncxe3 27. fxe3 Rf8 {and Black still has some compensation.}) 26. h3 $2 {
Probably White simply misses black's 27th move, which allows Radjabov to seize
the initiative.} ({It was essential to exchange black's active rook} 26. Rdb1
$1 Rxb1+ (26... Rfb8 27. Qxb8 $1 Rxb8 28. Rxb8 $18) 27. Rxb1 Nxe3 28. Rb7 Kh8
29. Rxg7 g5 30. Rf7 $1 $18) 26... Nxe3 27. fxe3 Nf3 $1 28. Nf6+ $8 {Otherwise
Black was threatening 28..Qh3! 29 gh Rh2 mate.} Rxf6 29. Bxf3 e4 30. Rd5 $1 (
30. Bg4 $143 Qf2 31. Rg1 Rf7 32. Qa8 Qg3 $19 {[%cal Gg7e5]}) 30... Qe6 (30...
Qc8 $143 {[%csl Gc4]} 31. Bxe4 Qxc4 32. Qe7 {and White is out of danger} Rxa2
$140 33. Rad1 Rf1+ 34. Kh2 $1) 31. Bg4 Qe8 32. h4 (32. Qd7 Qf8 {[%cal Gf6f1]})
({The toughest defence was:} 32. Rg1 h5 33. Qd7 Qf8 34. Be6 Rff2 {and black's
initiative looks very powerful} (34... Rf1 $5)) 32... Rff2 (32... Rf7 $5 33.
Qa5 Qe7 34. Bh3 Qxh4 35. Qe1 Rff2 $19 {[%cal Gb2e2]}) 33. Bh3 Qd8 {White's
last chance to create some counterplay against black's king.} 34. h5 $1 Rxg2 $1
35. hxg6+ (35. Bxg2 Qh4+ 36. Kg1 Qf2+) 35... Kh8 $4 $138 ({A natural-looking} 
35... Rxg6 {was winning immediately} 36. Rh5 Qf6 37. Rf1 Rf2 $1 $19) 36. Qa5 $2
(36. Rb1 $3 Qf6 37. Qf7 $1 Rh2+ 38. Kg1 Rhg2+ 39. Kh1 $11) 36... Rh2+ 37. Kg1
Qe8 $2 $138 (37... Qf6 $142 $1 {[%cal Gf6g6] was winning on the spot.}) 38. Bf5
$2 $138 ({Missing a golden opportunity:} 38. Rxd6 $1 {[%cal Gd6d8]} Rxh3 39.
Rd8 Rg3+ 40. Kh1 Rh3+ $11) 38... Rbg2+ 39. Kf1 Bxa1 $19 40. Qa7 Bg7 41. Rxd6
Rxa2 0-1

[Event "FIDE-Wch k.o."]
[Site "Tripoli"]
[Date "2004.06.27"]
[Round "4.4"]
[White "Smirnov, Pavel"]
[Black "Radjabov, Teimour"]
[Result "1/2-1/2"]
[WhiteElo "2601"]
[BlackElo "2670"]
[Annotator "Gofshtein,L"]
[PlyCount "89"]
[EventDate "2004.06.19"]
[EventType "k.o."]
[EventRounds "7"]
[EventCountry "LBY"]
[SourceTitle "CBM 102"]
[Source "ChessBase"]
[SourceDate "2004.09.23"]
[SourceVersion "1"]
[SourceVersionDate "2004.09.23"]
[SourceQuality "1"]

1. e4 {[%mdl 4]} c5 2. Nf3 Nc6 3. d4 cxd4 4. Nxd4 e5 5. Nb5 d6 6. c4 Be7 7.
N1c3 a6 8. Na3 f5 $5 (8... Nf6) 9. exf5 $5 {Another possible move which is
often met in this position is 9.Bd3, as the games given below show black has a
good counterplay in this case} (9. Bd3 f4 10. g3 Nf6 11. gxf4 exf4 12. Bxf4 O-O
13. Bg3 Ng4 14. Be2 Nxf2 $44 15. Qd5+ (15. Bxf2 Rxf2 16. Kxf2 Bh4+ $40) 15...
Kh8 16. Bxf2 Nb4 17. Qh5 Rxf2 18. Kxf2 Bh4+ $40 {0-1 Nunn,J-Nataf,I/ch-FRA 
(team), 1999 (28)}) 9... Bxf5 10. Nc2 {Bringing the knight closer to the
centre. 10.Bd3 deserves attention, trying to exchange black's active bishop} (
10. Bd3 $5 Bxd3 11. Qxd3 Nf6 12. Nc2 O-O 13. O-O Kh8 14. b3 $14 {1-0 Acs,P-Cao,
S/Budapest HUN 1999 (41)}) 10... Nf6 11. Ne3 $5 {[%csl Yd5][%cal Re3d5,Re3f5,
Rc3d5] White tries to control the d5 at the first priority. The alternative -
11.Bd3 gives black a good counterplay as the practice shows} (11. Bd3 Be6 12.
O-O O-O 13. Bg5 (13. Qe2 Rc8 14. Bg5 Ng4 15. Bxe7 Qxe7 $132 {1-0 Mannion,
S-Arakhamia,K/Edinburgh SCO 1999 (41)}) 13... Ng4 $5 14. Bxe7 Qxe7 15. Ne3 Qh4
16. Nxg4 Bxg4 17. f3 Be6 $132 {1/2-1/2 Dvoirys,S-Nataf,I/Koszalin POL 1999 (69)
}) 11... Be6 12. g3 {By fiancheting the bishop white wishes to control the d5
square. Another line is 12.Bd3 finishing the development, in both cases white
has some advantage} (12. Bd3 $5 Qd7 (12... Nd4 13. O-O O-O 14. b3 (14. Ned5 Rc8
15. Be3 Qe8 16. Re1 $14 {1-0 Horvath,A-Jankovic,A/Litohoto GRE 1999 (28)})
14... b5 15. Ncd5 bxc4 (15... Nxd5 16. Nxd5 Bxd5 17. cxd5 Qd7 18. Be4 {1-0
Dgebuadze,A-Moiseenko,A/Rotterdam 1998/EXT 99 (39)}) 16. Bxc4 $14 {1-0 Dvoirys,
S-Degraeve,J/Koszalin 1999/CBM 73/[Gershon] (40)}) 13. O-O O-O 14. Ned5 (14. b3
Bd8 15. Ned5 {1/2-1/2 Hendriks,W-Moiseenko,A/Dieren 2001/CBM 83 ext (23)})
14... Bd8 15. Be3 $14 {0-1 Lengyel,B-Papp,G/Budapest 2002/EXT 2003 (48)}) 12...
b5 $5 $146 {[%mdl 8] A novelty. Black is immideatly starting an active play on
the queenside, trying to open the c-file and to activize his pieces} (12... Qd7
13. Bg2 Bd8 14. O-O Bb6 15. Ned5 $16 {1-0 Topalov,V-Shirov,A/Monte Carlo 2003/
CBM 93 ext (63)}) (12... Rc8 13. Bg2 b5 14. cxb5 axb5 15. O-O Nd4 16. Ned5 Nxd5
17. Nxd5 O-O 18. Be3 Bf6 $14 {1/2-1/2 Leko,P-Radjabov,T/Dortmund 2003/CBM 97 
(60)}) 13. Bg2 Nd4 {Offering an exchange sacrifice, if white recieves it black
would have a dangerous initiative} 14. cxb5 axb5 15. Ncd5 {Gaining control
over the d5 sqauare} Rc8 16. O-O O-O 17. b3 $5 {[%cal Rc1a3,Rc1b2,Rb2d4]
Opening way to the dark squared bishop} Kh8 {A profilactic move, typical for
this kind of position} 18. Bb2 {[%cal Rb2d4] Attacking the black knight and
forcing it to retreat} Nf5 19. Nxf5 {Exchanging minor pieces and trying to
exploit black's weaknesses in the endgame} (19. Qd3 Nxe3 20. Nxe3 (20. fxe3
Bxd5 21. Bxd5 Nxd5 22. Qxd5 Qb6 $17) 20... Qb6 $132) 19... Bxf5 20. Nxe7 Qxe7
21. Ba3 {[%cal Ra3d6]} Rcd8 22. Qe2 {[%cal Re2b5]} Qa7 {[%cal Ya7a3,Ra7f2]
[%mdl 256] Bringing the queen to an active position} 23. Bb4 (23. Bb2 Rc8 {
[%cal Rc8c2]}) 23... Qd4 {[%cal Rd4b4,Rd4d3,Rd4g4][%mdl 256] Further
activizing the queen} 24. Qd2 (24. Ba5 Bd3 25. Qe3 Qxe3 26. fxe3 Bxf1 27. Bxd8
Rxd8 $132) 24... Qg4 {Bringing the queen to the kingside and planning to
create threats against the white king} 25. Rac1 Ne4 $5 {[%cal Re4g5]
Activizing the knight and transfering it to a more active place} 26. Qe1 (26.
Qd1 Qg6 $5 $132 (26... Nxf2 27. Qxg4 Nxg4 28. Bxd6 Rxd6 29. Rxf5 $14)) 26...
Ng5 {[%cal Rg5f3] Black plays very actively, not letting the opponent to relax}
27. f4 (27. f3 Qd4+ 28. Kh1 Bd3 $17) 27... Bd3 $5 28. fxg5 Qd4+ 29. Rf2 (29.
Kh1 Bxf1 30. Bxf1 Rxf1+ 31. Qxf1 Qxb4 $17) 29... Rxf2 30. Qxf2 Qxb4 {After the
tactical struggle, it seems as black has some advantage due to his dangerous
passed pawns in the centre} 31. Rc7 {White plays actively creating threats
against the opponent's king in order to neutralize black's positional advantage
} Qg4 $5 {[%cal Rg4g5,Rg4e6] Bringing the queen to a better position} 32. h4
Qe6 {Now black's queen is very well placed. From one hand it helps the defence
and from the other he helps the advance of pawns} 33. Rf7 {[%cal Rf7f8]} Rg8 {
Defending against the threats on the f-file} (33... Kg8 34. Rb7 d5 35. Qa7 Kh8
36. Rxg7 $36) 34. Kh2 {[%cal Rg2h3] This way white is preparing to activize
the bishop} e4 35. Bh3 Qe5 {35...Qe8 deserved attention not letting white to
exchange rooks} (35... Qe8 $5 36. Bd7 e3 37. Qf4 Qe5 38. Qxe5 dxe5 39. Kg2 e4)
36. Rf8 Qe7 37. Rxg8+ Kxg8 38. Qf5 $1 {[%mdl 256] White defends very actively.
On his last move he exploits the bad positioning of the black bishop} e3 {
White's queen is very active, that's why black agrees to the draw} (38... g6
39. Qd5+ Kf8 40. Bg2 Kg7 41. Qd4+) 39. Qxd3 e2 40. Qd5+ Kf8 41. Qf3+ Kg8 42.
Qa8+ Kf7 43. Qf3+ {The black king has no safe place to escape to, the draw is
inevitable} Kg8 44. Qd5+ Kf8 $11 45. Qf3+ 1/2-1/2

[Event "FIDE-Wch k.o."]
[Site "Tripoli"]
[Date "2004.06.27"]
[Round "4.6"]
[White "Smirnov, Pavel"]
[Black "Radjabov, Teimour"]
[Result "0-1"]
[WhiteElo "2601"]
[BlackElo "2670"]
[Annotator "Rogozenco,D"]
[PlyCount "52"]
[EventDate "2004.06.19"]
[EventType "k.o."]
[EventRounds "7"]
[EventCountry "LBY"]
[SourceTitle "CBM 102"]
[Source "ChessBase"]
[SourceDate "2004.09.23"]
[SourceVersion "1"]
[SourceVersionDate "2004.09.23"]
[SourceQuality "1"]

1. e4 c5 2. Nf3 Nc6 3. d4 cxd4 4. Nxd4 Nf6 5. Nc3 e5 6. Ndb5 d6 7. Bg5 a6 8.
Na3 b5 9. Bxf6 gxf6 10. Nd5 Bg7 11. Bd3 Ne7 12. Nxe7 Qxe7 13. c4 f5 14. O-O O-O
15. Qf3 d5 16. cxd5 fxe4 17. Bxe4 Rb8 18. Rad1 Rb6 19. Qd3 Qd7 $1 (19... Rh6
20. Bf5 Bxf5 21. Qxf5 e4 22. Rd2 Qh4 23. h3 Rh5 $6 24. Qg4 Qxg4 25. hxg4 Rh4
26. Nc2 Rxg4 27. Ne3 Rg5 28. d6 $16 {1-0 Smirnov,P-Khairullin,I/Tomsk 2004 (37)
}) 20. Bxh7+ $146 {A rather strange novelty in a very important game. Radjabov
constantly plays this system with Black, and Smirnov, who has experience of
playing Sveshnikov Sicilian with both colours should have analyzed deeper than
that.} (20. g3 f5 21. Bg2 Rh6 22. f4 exf4 23. gxf4 Bxb2 24. Nc2 Bg7 {Leko,
P-Radjabov,T/Linares 2004. Black has reached a comfortable equality.}) 20...
Kh8 21. Qe3 Rh6 22. Bc2 (22. Bb1 Qd6 23. Nc2 e4 24. g3 Bh3 25. Rfe1 f5 $44)
22... Qd6 (22... f5 $5 $44) 23. g3 (23. f4 $2 exf4 $17 {[%cal Gg7e5]}) 23...
Bh3 24. Rfe1 f5 {Black has compensation for two pawns, but White certainly can
put up more resistance than he did in the game.} 25. f4 $4 (25. Nb1 f4 (25...
e4 $5) (25... Bg4 $5) 26. Qe2 Bg2 $5 27. Kxg2 f3+ 28. Qxf3 Rxf3 29. Kxf3 Rxh2
30. Rh1 $15) 25... exf4 $19 26. Qe7 (26. Qxf4 Qxf4 27. gxf4 Bxb2 28. Nb1 Rg8+
29. Kf2 Rg2+ $19) (26. gxf4 Rg8 $19) 26... Qb6+ (26... Qb6+ 27. Kh1 Qf2 $19)
0-1

[Event "FIDE-Wch k.o."]
[Site "Tripoli"]
[Date "2004.07.03"]
[Round "6.3"]
[White "Radjabov, Teimour"]
[Black "Adams, Michael"]
[Result "1/2-1/2"]
[WhiteElo "2670"]
[BlackElo "2731"]
[Annotator "Postny,E"]
[PlyCount "53"]
[EventDate "2004.06.19"]
[EventType "k.o."]
[EventRounds "7"]
[EventCountry "LBY"]
[SourceTitle "CBM 102"]
[Source "ChessBase"]
[SourceDate "2004.09.23"]
[SourceVersion "1"]
[SourceVersionDate "2004.09.23"]
[SourceQuality "1"]

1. e4 e5 2. Nf3 Nc6 3. d4 exd4 4. Nxd4 Nf6 5. Nxc6 bxc6 6. e5 Qe7 7. Qe2 Nd5 8.
c4 Nb6 ({Other main line is} 8... Ba6) 9. Nc3 a5 (9... Qe6 {is the main
alternative.}) 10. Bd2 (10. f4 {--> 1/2-1/2 Lautier,J-Hebden,M/Clichy 2001/CBM
85 [Postny,E] (27)}) ({A popular continuation is} 10. Qe4) 10... a4 (10... Ba6
{--> 1/2-1/2 Horvath,A-Kallio,H/Budapest 2002/CBM 89 [Postny,E] (49)}) 11.
O-O-O $5 $146 {[%mdl 8] Radjabov decided to go for a quick castling, which
appeares to be a novelty here.} (11. Qe4 g6 (11... Qe6 12. Bd3 Ba6 13. b3 d5
14. exd6 cxd6 15. O-O (15. Be3 $142 Qxe4 16. Bxe4 d5 17. Bxb6 Bb4 18. O-O-O
Bxc3 19. cxd5 cxd5 20. Bxd5 $16) 15... Qxe4 16. Bxe4 d5 $13 {1/2-1/2 Horvath,
A-Yeke,S/Chalkidiki 2002/CBM 92 (53)}) 12. Bd3 Bg7 13. O-O O-O 14. Rae1 d5 15.
exd6 Qxd6 16. Qf3 Bf5 17. Bxf5 Qxd2 18. Re2 Qd4 $132 {0-1 Chandler,M-Hebden,M/
Southend 2000/CBM 76 (53)}) 11... Ba6 12. Qe4 Qe6 {Black's last five moves
were directed to attack the Pc4.} 13. f4 {[%cal Gf4f5]} g6 (13... Bxc4 $4 14.
f5 $18 {[%csl Rc4,Re6]}) 14. g4 $1 {White is insisting to carry out the f4-f5
advance.} Bb4 $6 {Adams decided to decline the challenge, but after the move
in the text white has quite a stable advantage.} (14... Qxg4 15. e6 $6 {
This move was probably the main concern for Adams.} (15. Be3 $5) 15... fxe6 (
15... Qxe6 $2 16. Qd4 $18 {[%csl Gd1,Rh8][%cal Rd1e1,Re1e8]}) 16. Qe5 Rg8 {
This looks very dangerous for black, but the concrete variations does not
confirm it, for instanse:} 17. Qxc7 (17. Ne4 Be7 $1 18. Qxc7 Qf3 $17) 17...
Nxc4 18. Ne4 (18. Bxc4 Bxc4 19. Ne4 Be7 20. Bb4 e5 $1 {- see 18.Ne4.}) 18...
Be7 19. Bxc4 (19. Bb4 e5 $1) 19... Bxc4 20. Bb4 e5 $1 {[%cal Yg4d7]} (20... Bd5
$2 21. Bxe7 Kxe7 22. Qd6+ Kf7 23. Qxd7+ Kf8 24. Qd6+ Kg7 25. Qe5+ $16) 21. Bxe7
(21. Qxe5 Qe6 $17) 21... Qxf4+ 22. Rd2 Be6 $17) 15. f5 Qe7 16. Bd3 {White got
nice central pawns, which promise him an advantage.} Qc5 (16... Bxc4 17. Bxc4
Bxc3 18. Bxc3 d5 19. exd6 $1 Qxe4 20. Rhe1 Qxe1 21. Rxe1+ Kd7 22. Bxf7 $16) 17.
e6 $6 {Probably white should not hurry with this breakthrow.} ({Good enough is
} 17. Be3 Qa5 18. Ne2 $16) 17... fxe6 18. fxe6 O-O-O 19. Be3 (19. a3 $2 Bxa3 $1
20. bxa3 Qxa3+ 21. Kb1 Qb3+ 22. Ka1 Bxc4 {and black is at least not worse.})
19... Qa5 20. Bxb6 {White is already committed to go for forced play,
otherwise black will consolidate his position.} (20. Ne2 $6 Rhe8) 20... cxb6
21. exd7+ Kb7 (21... Kxd7 $5 {This wild suggestion of Fritz is not easy to
refute, for example:} 22. c5 Bxd3 23. Rxd3+ Kc7 24. Qe7+ Kc8 25. Qe6+ Kb7 {
and black survives.}) 22. Nb5 $1 {[%csl Ra5] Cutting black's queen off the
game.} ({Possible was} 22. Qd4 Qg5+ 23. Kb1 Bc5 24. Qe4 Rxd7 25. Nxa4 $14 {
, but the move in the text is stronger.}) 22... Rxd7 23. a3 Bf8 (23... Bc5 24.
Be2 Rhd8 (24... Re7 {[%tqu "En","Please enter a move for white.","","","e4c6",
"and white is a pawn up.",5]} 25. Qxc6+ $1 {and white is a pawn up.}) 25. Rxd7+
Rxd7 26. Rd1 Rxd1+ 27. Kxd1 $18 {[%csl Ra5,Ra6,Rb7] and black has a big
problems.}) 24. Rhf1 {[%csl Rc6][%cal Gf1f6]} Re7 25. Nd6+ Kc7 26. Qf4 Bg7 27.
Ne8+ {It's very strange, that Radjabov offered a draw here, especially in the
situation when he was a point down in the match... Probably, he was too tired
after too many nerve-racking tie-breaks...} (27. Ne8+ Kb7 28. Nxg7 Rxg7 29. Qd4
Rhg8 30. Rf8 $1 Qc5 31. Qxc5 bxc5 32. Rf6 $16) 1/2-1/2

[Event "EU-Cup 20th"]
[Site "Izmir"]
[Date "2004.10.08"]
[Round "6.6"]
[White "Socko, Bartosz"]
[Black "Radjabov, Teimour"]
[Result "1/2-1/2"]
[WhiteElo "2570"]
[BlackElo "2663"]
[Annotator "Rogozenco,D"]
[PlyCount "39"]
[EventDate "2004.10.03"]
[EventType "team-swiss"]
[EventRounds "7"]
[EventCountry "TUR"]
[SourceTitle "CBM 104"]
[Source "ChessBase"]
[SourceDate "2005.01.27"]
[SourceVersion "1"]
[SourceVersionDate "2005.01.27"]
[SourceQuality "1"]
[WhiteTeam "Warsaw Polonia"]
[BlackTeam "Paris NAO"]
[WhiteTeamCountry "POL"]
[BlackTeamCountry "FRA"]

1. e4 c5 2. Nf3 Nc6 3. d4 cxd4 4. Nxd4 Nf6 5. Nc3 e5 6. Ndb5 d6 7. Bg5 a6 8.
Na3 b5 9. Nd5 Be7 10. Nxe7 Nxe7 11. Bxf6 gxf6 12. c4 f5 (12... O-O $5 13. cxb5
f5 $44) 13. exf5 (13. cxb5 $6 fxe4 14. Nc4 (14. Qa4 O-O 15. Qxe4 Qa5+ $17 {
0-1 Hoffman,P-Jakovenko,D/playchess.com Internet 2004 (38)}) 14... Nf5 15. Qd5
Be6 16. Qc6+ Kf8 17. Qxe4 Nd4 18. Bd3 f5 $17 {/-+ 0-1 Vieten,S-Sutovsky,E/
Groningen 1993 (28)}) (13. Bd3 $5) 13... Nxf5 (13... bxc4 14. f6 Nf5 15. Nxc4
Qxf6 16. Nb6 Rb8 17. Nxc8 Rxc8 18. Bxa6 Rb8 19. O-O Nd4 $13 {0-1 Zak,
U-Sutovsky,E/Groningen 1994 (38)}) 14. cxb5 (14. Bd3 Nd4 15. cxb5 axb5 16. Nxb5
Qa5+ 17. Qd2 Nxb5 18. Qxa5 Rxa5 19. b4 Ra3 20. Bxb5+ Bd7 $44 {0-1 Digesh,
S-Deepan Chakkravarthy,J/Chennai 2004 (48)}) 14... O-O (14... Nd4 15. Rc1 O-O
16. bxa6 Bxa6 17. Bxa6 Qa5+ 18. Qd2 Qxa6 19. Nc2 $13 Ne6 20. Nb4 Qb5 21. a3
Rac8 22. Rd1 Nf4 23. f3 Rfd8 24. g3 Ne6 25. Kf2 d5 26. Rhe1 e4 27. Qe2 Qc5+ 28.
Qe3 f5 29. Qxc5 Rxc5 30. g4 $16 {1-0 Socko,B-Parligras,M/Mallorca 2004 (67)})
15. bxa6 (15. Bd3 Nh4 16. g3 $4 Qa5+ 17. Kf1 Bh3+ 18. Kg1 Qe1+ $1 {0-1
Wittenberg,R-Hilgendorff,J/Germany 1993}) 15... Bxa6 16. Bxa6 (16. Bc4 Bxc4 17.
Nxc4 d5 18. Qg4+ Ng7 19. Rd1 f5 (19... Rxa2 20. O-O f5 (20... Ra4 21. b3 Rb4
22. Rd3 f6 23. Rfd1 d4 24. f4 $36) 21. Qg3 $13) 20. Qf3 (20. Qg3 Qc7 21. Nxe5
f4 $17) 20... e4 21. Qb3 (21. Qf4 Rxa2 22. O-O d4 $17) 21... Rb8 22. Qa3 f4 $44
) (16. Nc2 Bxf1 17. Kxf1 d5 $5 $44) (16. Qg4+ Ng7 17. Nc2 Bxf1 18. Kxf1 d5 $44)
16... Qa5+ 17. Qd2 (17. Kf1 Qxa6+ 18. Kg1 Nd4 19. h4 Rfb8 $5 20. Rb1 Qc6 21.
Rh3 Kh8 $44) 17... Qxa6 18. h4 (18. Nc2 Kh8 $5 $44) 18... Kh8 19. Qg5 Nd4 (
19... Ng7 $5 20. Rh3 Rg8 21. Qf6 $13) 20. Qf6+ $11 1/2-1/2